Powiaty w Małopolskim - Statystyki

Ogólne statystyki
  • Ten quiz został rozwiązany 66 razy
    47 od ostatniego zresetowania
  • Średni wynik to 15 z 22
Statystyki odpowiedzi
Powiaty % Poprawnych
Kraków
95%
krakowski
88%
Tarnów
88%
nowosądecki
81%
oświęcimski
81%
tarnowski
81%
nowotarski
79%
Nowy Sącz
76%
tatrzański
74%
bocheński
71%
limanowski
71%
wadowicki
69%
wielicki
69%
gorlicki
60%
myślenicki
60%
brzeski
57%
olkuski
57%
chrzanowski
55%
suski
55%
proszowicki
50%
miechowski
48%
dąbrowski
43%
Nie znaleziono quizów pasujących do podanych kryteriów
Rozkład punktacji
Procent ludzi z każdym wynikiem
Percentyl według liczby udzielonych odpowiedzi
Twoja historia wyników
Nie rozwiązałeś tego quizu od ostatniego zresetowania